000 01481nam a2200385 a 4500
001 ebr10676500
003 CaPaEBR
006 m u
007 cr cn|||||||||
008 090218s2009 nyua sb 001 0 eng d
010 _z 2009006392
020 _z9781606924310 (softcover)
020 _z1606924311 (softcover)
020 _z9781614704782 (e-book)
040 _aCaPaEBR
_cCaPaEBR
035 _a(OCoLC)751978909
050 1 4 _aQC145.4.O6
_bO68 2009eb
082 0 4 _a530.4/27
_222
245 0 0 _aOptical deformability of fluid interfaces
_h[electronic resource] /
_cJean-Pierre Delville ... [et al.].
260 _aNew York :
_bNova Science Publishers, Inc.,
_cc2009.
300 _a88 p. :
_bill.
490 1 _aNovinka
504 _aIncludes bibliographical references (p. [79]-82) and index.
533 _aElectronic reproduction.
_bPalo Alto, Calif. :
_cebrary,
_d2013.
_nAvailable via World Wide Web.
_nAccess may be limited to ebrary affiliated libraries.
650 0 _aLiquids
_xOptical properties.
650 0 _aLiquids
_xMagnetic properties.
650 0 _aLiquids
_xEffect of radiation on.
650 0 _aInterfaces (Physical sciences)
650 0 _aLight absorption.
655 7 _aElectronic books.
_2local
700 1 _aDelville, Jean-Pierre,
_d1960-
710 2 _aebrary, Inc.
830 0 _aNovinka (Series)
856 4 0 _uhttp://site.ebrary.com/lib/rucke/Doc?id=10676500
_zAn electronic book accessible through the World Wide Web; click to view
999 _c58390
_d58390